Kerjaya sebagai Psikiatris

Bibliographic Details
Main Author: Mohd. Jamil Yaacob
Format: Book
Published: Kuala Lumpur : PTS Profesional Publishing , 2007
Subjects:

MARC

LEADER 00000cam a2200000 7i4500
001 0000015474
005 20080327.0
008 080327
020 |a 983358599x 
090 0 0 |a 616.890092   |b MOH 
100 0 |a Mohd. Jamil Yaacob 
245 1 0 |a Kerjaya sebagai Psikiatris   |c Mohd Jamil Yaacob 
260 |a Kuala Lumpur :   |b PTS Profesional Publishing ,   |c 2007 
650 0 |a Psychiatrists 
650 0 |a Psychiatrists   |x Vocational guidance 
999 |a 0001017969   |b Book   |c Adult Collection   |e Perbadanan Perpustakaan Awam Johor 
999 |a 0001226419   |b Book   |c Adult Collection   |e Cawangan Pontian 
999 |a 0001226420   |b Book   |c Adult Collection   |e Cawangan Bandar Penawar 
999 |a 0001226421   |b Book   |c Adult Collection   |e Cawangan Bandar Penawar 
999 |a 0001226422   |b Book   |c Adult Collection   |e Cawangan Tangkak 
999 |a 0001226423   |b Book   |c Adult Collection   |e Cawangan Bukit Gambir 
999 |a 0001226424   |b Book   |c Adult Collection   |e Cawangan Segamat 
999 |a 0001226425   |b Book   |c Adult Collection   |e Cawangan Tmn. Ungku Tun Aminah 
999 |a 0001226426   |b Book   |c Adult Collection   |e Cawangan Muar 
999 |a 0001226429   |b Book   |c Adult Collection   |e Cawangan Mersing 
999 |a 0001226430   |b Book   |c Adult Collection   |e Cawangan Kota Tinggi 
999 |a 0001226431   |b Book   |c Adult Collection   |e Cawangan Bandar Tenggara